000 00628nam a2200217Ia 4500
003 OSt
005 20250627111244.0
008 191128s1998 ck er 000 f spa d
020 _a958330106X
040 _aCO-JMCR
_cCO-JMCR
041 _aspa
082 0 4 _aA-P
_bCORd
100 1 _aCortés, Edgar,
_eautor
_98759
245 1 0 _aDescenso a la flor /
_cEdgar Cortés
250 _aPrimera edición
260 _aBogotá :
_bBúho Pescador,
_c1998
300 _a57 hojas :
_bilustraciones a blanco y negro ;
_c21 cm.
505 _aPuerta -- Escalera -- Río -- Rueda
650 1 4 _aPoesía colombiana
_98760
942 _2ddc
_cBK
999 _c4529
_d4529